| 000 -LEADER |
| fixed length control field |
00506cam a22001457a 4500 |
| 008 - FIXED-LENGTH DATA ELEMENTS--GENERAL INFORMATION |
| fixed length control field |
180718b1968 xxu||||| |||| 00| 0 eng d |
| 082 ## - DEWEY DECIMAL CLASSIFICATION NUMBER |
| Classification number |
T123x73 D415 |
| 100 ## - MAIN ENTRY--PERSONAL NAME |
| Personal name |
Denison, Edward F. |
| 245 ## - TITLE STATEMENT |
| Title |
Guideposts for wages and prices: criteria and consistency |
| Statement of responsibility, etc. |
by Edward F. Denison |
| 260 ## - PUBLICATION, DISTRIBUTION, ETC. |
| Place of publication, distribution, etc. |
Ann Arbor |
| Name of publisher, distributor, etc. |
The Institution |
| Date of publication, distribution, etc. |
1968 |
| 300 ## - PHYSICAL DESCRIPTION |
| Extent |
32p. |
| 650 ## - SUBJECT ADDED ENTRY--TOPICAL TERM |
| Topical term or geographic name entry element |
Wages - U.S.A. |
| 650 ## - SUBJECT ADDED ENTRY--TOPICAL TERM |
| Topical term or geographic name entry element |
Prices - U.S.A. |
| 700 ## - ADDED ENTRY--PERSONAL NAME |
| Personal name |
The University of Michigan. Department of Economics. Institute of Public Policy Studies |